Reducing poverty through growth and social policy reform in Russia poverty reduction and economic management unit Europe and Central Asia region
Na minha lista:
| Autor principal: | |
|---|---|
| Formato: | Livro |
| Idioma: | inglês |
| Publicado em: |
Washington, D.C.
<The> World Bank
2006
|
| Colecção: | Directions in development
|
| Assuntos: | |
| Tags: |
Sem tags, seja o primeiro a adicionar uma tag!
|
MARC
| LEADER | 00000nam$a2200000$$$4500 | ||
|---|---|---|---|
| 001 | 0040507 | ||
| 005 | 20240315115623.7 | ||
| 020 | |a 0-8213-6340-9 | ||
| 041 | 0 | |a eng | |
| 044 | |a US | ||
| 245 | 1 | 0 | |a Reducing poverty through growth and social policy reform in Russia |b poverty reduction and economic management unit Europe and Central Asia region |c Radwan Shaban ... [et al.] |
| 264 | 1 | |a Washington, D.C. |b <The> World Bank |c 2006 | |
| 300 | |a 281 s. | ||
| 490 | 1 | |a Directions in development | |
| 830 | 0 | |a Directions in development | |
| 610 | 2 | 0 | |a chudoba |
| 610 | 2 | 0 | |a chudoba |
| 610 | 2 | 0 | |a politika sociálna |
| 610 | 2 | 0 | |a reformy |
| 610 | 2 | 0 | |a situácia hospodárska |
| 610 | 2 | 0 | |a oživenie |
| 610 | 2 | 0 | |a zárobky |
| 610 | 2 | 0 | |a rast hospodársky |
| 610 | 2 | 0 | |a úroveň životná |
| 610 | 2 | 0 | |a sektory hospodárske |
| 610 | 2 | 0 | |a vzdelanie |
| 610 | 2 | 0 | |a ochrana zdravia |
| 610 | 2 | 0 | |a domácnosti |
| 610 | 2 | 0 | |a rozpočty |
| 610 | 2 | 0 | |a Rusko |
| 610 | 2 | 0 | |a stredná Ázia |
| 100 | 1 | |a Shaban, Radwan | |